Normal view MARC view
  • Methods in molecular biology (Clifton, N.J.) ;

Entry Uniform Title

Number of records used in: 4

001 - CONTROL NUMBER

  • control field: 2549

003 - CONTROL NUMBER IDENTIFIER

  • control field: NUST

005 - DATE AND TIME OF LATEST TRANSACTION

  • control field: 20170613122640.0

008 - FIXED-LENGTH DATA ELEMENTS

  • fixed length control field: 170613|| aca||aabn | a|a d

040 ## - CATALOGING SOURCE

  • Original cataloging agency: NUST
  • Transcribing agency: NUST

130 ## - HEADING--UNIFORM TITLE

  • Uniform title: Methods in molecular biology (Clifton, N.J.) ;
  • Form subdivision: v. 32.

670 ## - SOURCE DATA FOUND

  • Source citation: Work cat.: (NUST)0: Basic protein and peptide protocols /, c1994.
© 2023 Central Library, National University of Sciences and Technology. All Rights Reserved.